| LEADER |
00938nam0a2200253 450 |
| 001 |
16843208 |
| 010 |
|
|
|a 978-2-215-15542-3
|b rel.
|d 9,95
|
| 100 |
|
|
|a 20170711d2026 u u0frey01 ba
|
| 101 |
0 |
|
|a fre
|
| 102 |
|
|
|a FR
|
| 200 |
0 |
|
|a Au temps des dinosaures
|f Romain Amiot
|g [illustrations de] Loïc Méhée
|
| 207 |
|
1 |
|a
|
| 210 |
|
|
|a Paris
|b 31 rue de Fleurus.
|c Fleurus
|d DL 2015
|
| 215 |
|
|
|a 1 vol. (29 p.)
|c ill. en coul.
|d 31 cm
|
| 225 |
1 |
|
|a Cherche et trouve
|
| 327 |
|
|
|a Un livre-jeu pour apprendre en s'amusant !
|
| 330 |
|
|
|a Les dinosaures T.rex, Spinosaurus, Diplodocus, ou encore Velociraptor se sont perdus dans la nature: à toi de les retrouver !
|
| 606 |
0 |
|
|a Dinosaures
|
| 676 |
|
|
|a 567.91
|
| 700 |
|
0 |
|a Amiot
|b Romain
|4 70
|
| 702 |
|
0 |
|a Méhée
|b Loïc
|f 1979-....
|4 440
|
| 900 |
|
|
|a Documentaire
|
| 901 |
|
|
|a Jeunesse
|
| 995 |
|
|
|a Médiathèque
|c Médiathèque
|f 089015484
|h 089015484
|k E 567.91 AMI
|o p
|q j
|r az
|e Médiathèque
|